00625nam a2200169 a 450000500170000000800410001705000240005810000180008224500180010025000210011844000210013950000200016052002360018065000090041665000100042565000200043520140414131934.0100520s19uu xx 00 eng d aREF 574.5bP63 2000 aParker, Steve aPond & River. a1st American ed. aEyewitness books aIncludes index. aA photo essay about the range of plants and animals found in fresh water throughout the year, examining the living conditions and survival mechanisms of creatures dwelling at the edge of the water, on its surface, or under the mud. aPond aRiver aStream ecology.